00405nam a2200121Ia 4500008004100000082002000041100002600061245005000087260004000137300001000177630001800187650007800205211109s9999||||xx |||||||||||||| ||und|| a894.8123bJOS-O aJoseph Puthen Thara,  0aOru Karutha Manushyanum Anchu Kanyastreekalum bNational Book StallaKottayamc1900 a110p. xGeneral Stack aMalayalam LiteraturevMalayalam fictionxMalayalam NovelsFICTIONMalayalam